平成に消滅・改称した茨城県の市町村 - Statistics

General Stats
  • This quiz has been taken 55 times
  • The average score is 40 of 62
Answer Stats
変更年月日 変更内容 回答 変更後の市町村 % Correct
1994.11/01 新設合併 勝田市 ひたちなか市
89%
2005.03/28 新設合併 下館市 筑西市
84%
2005.10/11 新設合併 鉾田町 鉾田市
84%
2005.03/22 新設合併 岩井市 坂東市
82%
2006.01/01 市名改称 水海道市 常総市
82%
2006.03/19 新設合併 笠間市 笠間市
82%
1995.09/01 町名改称 鹿島町 鹿嶋町
79%
2006.03/19 新設合併 友部町 笠間市
79%
2006.03/27 新設合併 美野里町 小美玉市
79%
1994.11/01 新設合併 那珂湊市 ひたちなか市
76%
2004.11/16 町名改称 大宮町 常陸大宮町
76%
2005.08/01 編入合併 波崎町 神栖町
76%
2005.09/12 新設合併 古河市 古河市
76%
2005.10/01 新設合併 石岡市 石岡市
76%
2005.09/12 新設合併 三和町 古河市
74%
2006.03/27 新設合併 小川町 小美玉市
74%
2004.11/01 編入合併 十王町 日立市
71%
2005.02/01 編入合併 内原町 水戸市
71%
2005.10/01 新設合併 岩瀬町 桜川市
71%
2005.10/01 新設合併 真壁町 桜川市
71%
2002.11/01 編入合併 茎崎町 つくば市
68%
2004.12/01 編入合併 水府村 常陸太田市
68%
2005.03/28 新設合併 霞ヶ浦町 かすみがうら市
68%
2006.03/19 新設合併 岩間町 笠間市
68%
2006.03/27 新設合併 谷和原村 つくばみらい市
68%
2004.12/01 編入合併 金砂郷町 常陸太田市
66%
2004.12/01 編入合併 里美村 常陸太田市
66%
2005.01/21 編入合併 瓜連町 那珂町
66%
2005.03/28 編入合併 藤代町 取手市
66%
2005.09/02 新設合併 玉造町 行方市
66%
2005.09/12 新設合併 総和町 古河市
66%
2005.10/11 新設合併 旭村 鉾田市
66%
2006.01/01 編入合併 石下町 水海道市
66%
2006.03/27 新設合併 伊奈町 つくばみらい市
66%
2004.10/16 編入合併 美和村 大宮町
63%
2005.03/22 新設合併 江戸崎町 稲敷市
63%
2005.09/02 新設合併 北浦町 行方市
63%
2005.10/11 新設合併 大洋村 鉾田市
63%
2004.10/16 編入合併 御前山村 大宮町
61%
2005.10/01 新設合併 八郷町 石岡市
61%
2006.03/27 新設合併 玉里村 小美玉市
61%
2005.02/01 新設合併 常北町 城里町
58%
2005.02/01 新設合併 桂村 城里町
58%
2005.03/22 新設合併 猿島町 坂東市
58%
2005.03/22 新設合併 桜川村 稲敷市
58%
2005.03/28 新設合併 関城町 筑西市
58%
2005.03/28 新設合併 千代田町 かすみがうら市
58%
2005.10/01 新設合併 大和村 桜川市
58%
2005.02/01 新設合併 七会村 城里町
55%
2005.03/28 新設合併 明野町 筑西市
55%
2005.03/28 新設合併 協和町 筑西市
55%
2006.02/20 編入合併 新治村 土浦市
55%
2004.10/16 編入合併 山方町 大宮町
53%
2004.10/16 編入合併 緒川村 大宮町
53%
2005.03/22 新設合併 新利根町 稲敷市
53%
2005.03/22 新設合併 東町 稲敷市
53%
2005.09/02 新設合併 麻生町 行方市
53%
1992.03/03 編入合併 常澄村 水戸市
50%
2001.04/01 編入合併 牛堀町 潮来町
50%
1997.04/01 村名改称 出島村 霞ヶ浦村
47%
2006.01/01 編入合併 千代川村 下妻市
47%
1995.09/01 編入合併 大野村 鹿島町
42%
No matching quizzes found
Score Distribution
Percent of People with Each Score
Percentile by Number Answered
Your Score History
You have not taken this quiz